Police Storys Part I (Record no. 19338)

MARC details
000 -LEADER
fixed length control field 00453nam a2200145Ia 4500
008 - FIXED-LENGTH DATA ELEMENTS--GENERAL INFORMATION
fixed length control field 211109s9999||||xx |||||||||||||| ||und||
082 ## - DEWEY DECIMAL CLASSIFICATION NUMBER
Classification number 894.8123
Item number DEV-P
100 ## - MAIN ENTRY--PERSONAL NAME
Personal name Devasia, P C
245 #0 - TITLE STATEMENT
Title Police Storys Part I
260 ## - PUBLICATION, DISTRIBUTION, ETC.
Name of publisher, distributor, etc. Jayabharatham
Place of publication, distribution, etc. Thiruvananthapuram
Date of publication, distribution, etc. 1959
300 ## - PHYSICAL DESCRIPTION
Extent 155p
630 ## - SUBJECT ADDED ENTRY--UNIFORM TITLE
General subdivision General Stack
650 ## - SUBJECT ADDED ENTRY--TOPICAL TERM
Topical term or geographic name entry element Literature & rhetoric
942 ## - ADDED ENTRY ELEMENTS (KOHA)
Koha item type BOOK
650 ## - SUBJECT ADDED ENTRY--TOPICAL TERM
Form subdivision Literatures of other languagesmalayalam storiesmalayalam literature
General subdivision Malayalam
Holdings
Withdrawn status Lost status Damaged status Not for loan Home library Current library Date acquired Cost, normal purchase price Total Checkouts Full call number Barcode Shelving location Date last seen Price effective from Koha item type
        SB LIBRARY SB LIBRARY 09/11/2021 100.00   894.8123 DEV-P 00020025 GENERAL STACK 09/11/2021 09/11/2021 BOOK

Powered by Koha